La juste mesure. (notice n° 1648665)

détails MARC
000 -LEADER
fixed length control field 02232cam a2200169 4500500
005 - DATE AND TIME OF LATEST TRANSACTION
control field 20260208003725.0
041 ## - LANGUAGE CODE
Language code of text/sound track or separate title fre
042 ## - AUTHENTICATION CODE
Authentication code dc
100 10 - MAIN ENTRY--PERSONAL NAME
Personal name Delcomminette, Sylvain
Relator term author
245 00 - TITLE STATEMENT
Title La juste mesure.
260 ## - PUBLICATION, DISTRIBUTION, ETC.
Date of publication, distribution, etc. 2005.<br/>
500 ## - GENERAL NOTE
General note 23
520 ## - SUMMARY, ETC.
Summary, etc. J’examine dans cet article le double aspect sous lequel la loi se trouve discutée par l’Étranger dans le Politique : si elle fait tout d’abord l’objet d’une critique sévère au nom d’une science idéale, elle est ensuite réhabilitée à titre de substitut à l’idéal défaillant. Cette réhabilitation est complexe : elle passe par un étrange récit de politique-fiction qui fait écho sans le dire à Thucydide et qui permet à l’Étranger de lier dans un même procès écriture juridique et écriture spéculative ; elle se développe ensuite moyennant une série d’arguments qui insistent sur le nécessaire respect de la loi indépendamment de son contenu et de sa pertinence, mais qui indiquent aussi implicitement la nécessité de lui attribuer une origine mythique dans une connaissance divine devenue inaccessible. Le Politique signe l’acte de naissance de la fiction théologico-politique.
520 ## - SUMMARY, ETC.
Summary, etc. I explore in this paper the dual aspect of the Eleatic Visitor’s discussion of law in the Statesman. Although it is at first severly criticized on behalf of an ideal science, it is then rehabilitated as a substitute for the failing ideal. But this rehabilitation is a complex one : it is made via a very peculiar account of political fiction echoing implicitely Thucydides and allowing the Eleatic Visitor to put on the same trial legal and speculative writing. Then it develops by using several arguments, insisting on the necessary respect due to the law, whatever content and relevance it may have, but yet implicitely pointing out the need to confer a mythic origin to law within the context of divine knowledge now impervious to men. Thus Plato’s Statesman pioneers theological political fiction.
786 0# - DATA SOURCE ENTRY
Note Les Études philosophiques | 74 | 3 | 2005-09-01 | p. 347-366 | 0014-2166
856 41 - ELECTRONIC LOCATION AND ACCESS
Uniform Resource Identifier <a href="https://shs.cairn.info/revue-les-etudes-philosophiques-2005-3-page-347?lang=fr&redirect-ssocas=7080">https://shs.cairn.info/revue-les-etudes-philosophiques-2005-3-page-347?lang=fr&redirect-ssocas=7080</a>

Pas d'exemplaire disponible.

PLUDOC

PLUDOC est la plateforme unique et centralisée de gestion des bibliothèques physiques et numériques de Guinée administré par le CEDUST. Elle est la plus grande base de données de ressources documentaires pour les Étudiants, Enseignants chercheurs et Chercheurs de Guinée.

Adresse

627 919 101/664 919 101

25 boulevard du commerce
Kaloum, Conakry, Guinée

Réseaux sociaux

Powered by Netsen Group @ 2025